00333nam a22001337a 450000500170000000800410001704100130005808200150007110000230008624500300010926000090013930000250014865000260017320231101075730.0231101b |||||||| |||| 00| 0 eng d aEnglish  a346.7 MAK  aFaris, VlEnglish  aMaking Money / cV Faris  c2009 b33 pages ; c30 cm.  aLegal practice bLaw